ロード中...

Sugam kahani sangrah /

書誌詳細
第一著者: Umakanth Varma
フォーマット: Printed Book
言語:Hindi
出版事項: Ramnarayan Lal , 1973.
主題:
LEADER 00471nam a2200157Ia 4500
008 150624b xxu||||| |||| 00| e hin d
082 |a 864 
100 |a Umakanth Varma 
245 |c Umakanth Varma  |a Sugam kahani sangrah / 
260 |b Ramnarayan Lal ,  |c 1973. 
300 |a 80 p. 
546 |a In Hindi. 
650 |v Essays 
942 |c BK 
999 |c 89548  |d 89548 
952 |0 1  |1 0  |4 0  |6 864_000000000000000_H  |7 0  |9 89492  |a UL  |b UL  |c ST2  |d 1998-09-15  |l 0  |o 864 H  |p 25883  |r 2012-10-27  |w 2012-10-27  |y BK